Регионална библиотека "Любен Каравелов" - Русе

Докато денят ви раздели | Хубавите дни от Аранхуес (Запис номер 154910)

MARC детайли
000 -Лидер
Контролно поле с фиксирана дължина 01467nam a2200337 c 4500
003 - Код на организацията, давaща контролен номер
Контролно поле BLK
005 - Дата и час на последна редакция
Контролно поле 20200819132735.0
008 - Елементи от данни с фиксирана дължина
fixed length control field 180410b bul|||||r ||||||| ||bul||
010 ## - Наследен системен номер
LC control number KNG00161565000
020 ## - Международен стандартен номер на книга ISBN
Международен стандартен номер на книга ISBN 978-954-2915-20-1
040 ## - Източник на каталожния запис
Идентификатор на билиотеката - собственик на записа BLK
041 ## - Код за език
Код за езика на текст/звукозапис или на отделно заглавие Български
Код за езика КДБФ Български
072 #7 - Код за тематичната категория
Код организация bullib
Код за тематична категория Н83
Текст Чужда художествена литература Н
080 ## - УДК
Текстов определител УДК Австрийска литература
УДК код - определител по УДК 821.112(436)
УДК определител -2
УДК - код + определител 821.112(436)-2
100 1# - Редна дума - Автор
Автор Хандке, Петер
Авторска отговорност първи автор
R(LIN) 136052
139 ## - Редно поле
Редна дума Хандке, Петер
Авторски знак Хан - Х 25
245 10 - Сведения за заглавието
Заглавие Докато денят ви раздели
Редно поле (дума) Петер Хандке; прев. от нем. Владко Данаилов Мурдаров.
245 10 - Сведения за заглавието
Заглавие Хубавите дни от Аранхуес
Подзаглавни данни Пиеси
257 ## - Страна на издаване
Страна на създаване/издаване Австрия
260 ## - Област на издателските данни
Име на издателя, разпространителя и проч. Black Flamingo Publ.
Година на издаване 2012
Печатница Хасково : Полиграфюг
300 ## - Физическа характеристика
Страници 96 с.
Размери/Мащаб 21 см
380 ## - Жанр
Жанр Худож. лит.
500 ## - Общи забележки
Забележка Ориг. заг.: Bis da? der Tag euch scheidet odetr Eine Frage des Lichts - Ein Monolog ; Die Schonen Tage von Aranjues - Ein Sommerdialog / Peter Handken.
659 ## - Тематичен бюлетин
Тематичен бюлетин Н
700 1# - Други автори (авторска отговорност)
Лично име Мурдаров, Владко Данаилов
Автороска отговорност (Описва отношението между автора и произведението) прев. от нем.
9 (RLIN) 366170
852 ## - Местоположение
Форматна сигнатура Цб 269189
856 4# - Електронен адрес и достъп
Електронен формат pdf - файл
856 4# - Електронен адрес и достъп
Електронен формат pdf - файл
999 ## - СИСТЕМНИ КОНТРОЛНИ НОМЕРА
Koha biblionumber 154910
Koha biblioitemnumber 154910
942 ## - АРТИКУЛИ
Вид на библиотечния материал Книги
Скрит в OPAC Не
Периодичен библиозапис Да
Koha issues (borrowed), all copies 5
944 ## - СЪЗДАВАНЕ И РЕДАКЦИЯ на ЗАПИСА
Създаване/Редакция Създаване
Дата на регистрацията/редакция 03.06.2014
Служител, извършил регистрацията/редакцията Виолета_Тройчева
944 ## - СЪЗДАВАНЕ И РЕДАКЦИЯ на ЗАПИСА
Създаване/Редакция Редакция
Дата на регистрацията/редакция 13.02.2015
Служител, извършил регистрацията/редакцията Грета_Цуфелде
999 ## - СИСТЕМНИ КОНТРОЛНИ НОМЕРА
Koha biblioitemnumber 154910
999 ## - СИСТЕМНИ КОНТРОЛНИ НОМЕРА
Koha biblioitemnumber 154910
Наличности
Код за отписване Код за изгубен артикул Код за повреда Коз за рестрикции Код за отдаване Артикулен № Име на библиотеката - собственик Име на библиотеката, в която се намира в момента Статус (Текущо местоположение) Дата на вписване в системата Местоположение - отдел Цена в лева Инвентарен номер Систематично азбучна сигнатура Баркод Номер на екземпляра Цена в евро Служебна бележка Служебен тип на артикула Източник на класификационната схема
  Не е изгубен Не е повреден без рестрикции ползва се в читалня 259665 Регионална библиотека "Любен Каравелов" Русе Регионална библиотека "Любен Каравелов" Русе Хранилище 2014-06-06 Хранилище 11.99 120000777984 Цб 269189 120000777984 1 6.13 Дост: Dp Вид: Д N: 33 Дата: 01.08.2013 Книги  
  Не е изгубен Не е повреден без рестрикции заемане за дома 753568 Регионална библиотека "Любен Каравелов" Русе Регионална библиотека "Любен Каравелов" Русе Заемна - подръчен фонд 2020-01-13 Заемна - подръчен фонд 8.99   П 830(436)-31/Х 25 120000840702   4.60   Книги Universal Decimal Classification
  Не е изгубен Не е повреден без рестрикции заемане за дома 753569 Регионална библиотека "Любен Каравелов" Русе Регионална библиотека "Любен Каравелов" Русе Заемна - подръчен фонд 2020-01-13 Заемна - подръчен фонд 8.99   П 830(436)-31/Х 25 120000840701   4.60   Книги Universal Decimal Classification
Vip Innovations Ltd, Rousse, Bulgaria 2025